山东人口最多的20个县级行政区 20 most populous county-level regions in Shandong - Statistics

General Stats
  • This quiz has been taken 65 times
  • The average score is 16 of 20
Answer Stats
人口 地市 县区 % Correct
190 青岛市 黄岛区
96%
164 济南市 历城区
95%
157 枣庄市 滕州市
91%
110 青岛市 市北区
89%
134 青岛市 即墨区
88%
119 青岛市 平度市
88%
160 菏泽市 牡丹区
86%
138 菏泽市 曹县
86%
194 临沂市 兰山区
84%
149 聊城市 东昌府区
84%
116 潍坊市 寿光市
82%
111 青岛市 城阳区
80%
131 淄博市 张店区
79%
137 济宁市 任城区
75%
116 威海市 环翠区
75%
134 泰安市 新泰市
73%
117 日照市 东港区
73%
117 济宁市 邹城市
66%
112 菏泽市 郓城县
57%
110 临沂市 兰陵县
52%
No matching quizzes found
Score Distribution
Percent of People with Each Score
Percentile by Number Answered
Your Score History
You have not taken this quiz